000 00694cam a2200205 i 4500
005 20260119125916.0
008 250721s2011 sy gr 000 0 ara d
082 1 4 _a333.910962
_bش ر و
100 1 _aشروف، عصام
_eمؤلف.
245 1 0 _aأزمة مياه حوض النيل والأصابع الاسرائيلية /
_cد.عصام شروف.
264 3 1 _aدمشق :
_bاتحاد الكتاب العرب،
_c2011.
300 _a465 صفحة.
490 1 _aسلسة الدراسات ؛
_vرقم 14.
650 1 7 _aمصر.
650 1 7 _aالمياه.
650 1 7 _aنهر النيل.
830 0 _aالدراسات.
942 _2ddc
_cBK
999 _c126482
_d126482